[Event "Dresden ZMD op-A 21st"]
[Site "Dresden"]
[Date "2012.08.21"]
[Round "4"]
[White "Kovchan, Alexander"]
[Black "Graf, Felix"]
[Result "1/2-1/2"]
[WhiteElo "2596"]
[BlackElo "2462"]
[Annotator "Gutman,L"]
[PlyCount "106"]
[EventDate "2012.08.18"]
[EventType "swiss"]
[EventRounds "9"]
[EventCountry "GER"]
[SourceTitle "EXT 2014"]
[Source "ChessBase"]
[SourceDate "2013.11.20"]
[SourceVersion "1"]
[SourceVersionDate "2013.11.20"]
[SourceQuality "1"]

1. e4 e6 2. d4 d5 3. Nc3 Nf6 4. Bg5 Bb4 {Die McCutcheon Variane war in Dresden
ziemlich populär.} 5. e5 h6 6. Bd2 ({Interessant ist} 6. Be3 $5 {von John
Watson unter "Ein verwirrender Rückzug, Gefährliche Waffen Französisch,
Everyman Chess, 2007, untersucht}) 6... Bxc3 7. bxc3 ({In Schöne-Ghadimi, ZMDI
2012, Runde 9, folgte} 7. Bxc3 Ne4 8. Ne2 c5 9. dxc5 Nxc3 ({nach} 9... Nc6 10.
Bd4 Qe7 11. Ng3 Nxc5 12. Nh5 $14 {stand Weiß etwas aktiver in Schöne-Hoffmann,
ZMDI 2012, Runde 7}) 10. Nxc3 O-O 11. Qd2 Nd7 12. f4 Nxc5 13. O-O-O Bd7 14. Kb1
b5 15. Bd3 b4 16. Ne2 a5 17. g4 Qb6 18. g5 (18. h4 b3 19. cxb3 a4 20. b4 Nxd3
21. Qxd3 Qxb4 $15 {The modern French, Dejan Antic/ Branimir Maksimovic,New in
Chess 2012}) 18... h5 19. g6 Nxd3 20. gxf7+ Rxf7 21. cxd3 Ba4 $6 ({ein
dubioser Zug, während nach} 21... b3 $5 22. axb3 a4 $15 {Schwarz zuerst kommt})
22. Rc1 g6 23. f5 Rxf5 24. Qh6 Be8 25. d4 Rf7 $4 26. Qxg6+ Rg7 27. Qh6 Bg6+ 28.
Ka1) 7... Ne4 8. Qg4 Kf8 (8... g6 $5 {wird von John Watson, Play the Frensh, 4
Auflage, Everyman Chess 2012, empfohlen.}) 9. Qf4 $5 ({Leichter hat es Schwarz
nach} 9. Bd3 Nxd2 10. Kxd2 c5 11. Nf3 c4 $11 {,The modern French}) 9... c5 10.
Bd3 Nxd2 11. Qxd2 Nc6 12. Nf3 Qa5 ({Eine gefährliche Strategie mit dem König
auf f8. Solider erscheint} 12... c4 $5 13. Be2 b5 $5 14. h4 a5 15. a3 Bd7 16.
O-O Rb8 $11 {Kovchan-Poluektov, Alushta 2011}) 13. dxc5 Qxc5 14. O-O ({
Dynamischer wirkt} 14. Rb1 a6 15. a4 b6 16. O-O Bd7 17. c4 $14 {
Kurnosov-Volkov, Dresden 2007}) 14... b6 15. c4 ({Und wieder kommt} 15. Rab1 $5
Bb7 16. Rfe1 Qe7 17. Nd4 {in Betracht.}) 15... Bb7 $2 ({Etwas ängstlich
reagiert. Möglich war} 15... dxc4 16. Be4 Ke7 17. Qd6+ Qxd6 18. exd6+ Kxd6 19.
Rad1+ Kc7 20. Ne5 Nxe5 21. Bxa8 Bd7 $11) 16. cxd5 Qxd5 17. Qe3 ({Bessere
Aussichten versprach} 17. Qf4 $5 Ne7 18. Rad1 Qc5 19. Nd4 Kg8 20. c4 $14) 17...
Nb4 18. Rfd1 Qc5 19. Qxc5+ $2 ({Und wieder ein Fehler, das Enspiel wird sich
bald als günstiger für Schwarz erwiesen. Besser geschah} 19. Nd4 Kg8 20. Be2
Nd5 $11) 19... bxc5 20. Bb5 g5 21. Ne1 a6 22. Bf1 Be4 23. Rd7 Kg7 24. Rc7 Rhc8
25. Rxc8 Rxc8 26. c3 Nd5 27. f3 Bg6 28. Rc1 c4 29. Kf2 Rc5 30. Nc2 Nf4 ({
Klaren Vorteil sicherte} 30... Bd3 31. Nb4 Bxf1 32. Kxf1 Nc7 $17) 31. Nd4 Nd3+
32. Bxd3 cxd3 $6 ({Auch jetzt war} 32... Bxd3 $17 {vorzuziehen.}) 33. Nb3 Rxe5
34. Re1 Rd5 35. c4 Rd8 36. Ke3 Kf6 $2 ({Gute Gewinnchancen versprach} 36... d2
37. Nxd2 Rd3+ 38. Ke2 Rc3 39. Kf2 Rc2 40. Ke3 Kf6 $17) 37. Kd2 a5 38. Nc5 Rd4
39. Kc3 Rd8 40. Rd1 Ke7 41. Nxd3 h5 42. Nf2 (42. Rd2 Bxd3 43. Rxd3 Rxd3+ 44.
Kxd3 Kd6 45. Kd4 e5+ 46. Ke4 Ke6 47. g4 hxg4 48. fxg4 a4 49. a3 Kd6 $11 {
führt ebenfalls zum Remis.}) 42... Rxd1 43. Nxd1 Kd6 44. Nf2 Kc5 45. g3 Bb1 46.
a3 Bf5 47. h4 gxh4 48. gxh4 f6 49. Nh1 Bh7 50. Ng3 Bg6 51. f4 Kd6 52. Kb3 Kc5
53. Kc3 Kd6 1/2-1/2

[Event "Dortmund-A"]
[Site "Dortmund"]
[Date "1991.??.??"]
[Round "7"]
[White "Kindermann, Stefan"]
[Black "Knaak, Rainer"]
[Result "1-0"]
[WhiteElo "2515"]
[BlackElo "2515"]
[Annotator "Hansen,Cu"]
[PlyCount "71"]
[EventDate "1991.03.23"]
[EventType "tourn"]
[EventRounds "9"]
[EventCountry "GER"]
[EventCategory "12"]
[SourceTitle "CBM 023"]
[Source "ChessBase"]
[SourceDate "1991.08.01"]
[SourceVersion "1"]
[SourceVersionDate "1991.08.01"]
[SourceQuality "1"]

1. e4 {Knaak} e6 2. d4 d5 3. Nc3 Nf6 4. Bg5 Bb4 5. e5 h6 6. Bd2 Bxc3 7. bxc3
Ne4 8. Qg4 g6 9. Bd3 Nxd2 10. Kxd2 c5 11. Qf4 {New move. Normal is 11.Nf3. 11.
Nf3 Nc6 12.Rhb1 Qc7 13.Qf4 cxd4 14.cxd4 f5! Polgar,J-Knaak,R Dortmund B 1990.}
Nc6 12. Nf3 cxd4 13. cxd4 Qc7 14. Qf6 $1 {The point of whites move order.} (14.
Rhb1 f5 {Polgar,J-Knaak,R Dortmund B 1990}) (14. Rab1 {Knaak} f5) 14... Rg8 15.
Rab1 Bd7 16. h4 Rc8 17. Ke2 Ne7 18. Qf4 (18. h5 $5) 18... Ba4 19. Rhc1 Rh8 20.
Qf6 Rg8 21. h5 gxh5 22. Qxh6 Rxg2 23. Qxh5 {+/-->} Rg7 24. Ng5 Qd7 25. Nh7 $18
Rxh7 26. Qxh7 Qc7 27. Qh8+ Kd7 28. Qf6 Rf8 29. c4 dxc4 30. Bxc4 Qc6 31. Bxe6+
fxe6 32. Rxc6 Rxf6 33. Rd6+ Kc7 34. exf6 Kxd6 35. fxe7 b6 36. Rg1 {C.Hansen}
1-0

[Event "EU-chT (Men) 13th"]
[Site "Leon"]
[Date "2001.11.07"]
[Round "2.2"]
[White "Gashimov, Vugar"]
[Black "Baklan, Vladimir"]
[Result "0-1"]
[WhiteElo "2442"]
[BlackElo "2590"]
[Annotator "Hecht,H"]
[PlyCount "130"]
[EventDate "2001.11.06"]
[EventType "team-swiss"]
[EventRounds "9"]
[EventCountry "ESP"]
[SourceTitle "CBM 086"]
[Source "ChessBase"]
[SourceDate "2002.02.05"]
[SourceVersion "1"]
[SourceVersionDate "2002.02.05"]
[SourceQuality "1"]
[WhiteTeam "Azerbaijan"]
[BlackTeam "Ukraine"]
[WhiteTeamCountry "AZE"]
[BlackTeamCountry "UKR"]

1. e4 e6 2. d4 d5 3. Nc3 Nf6 4. Bg5 Bb4 5. e5 h6 6. Bd2 Bxc3 7. Bxc3 Ne4 8. Bb4
c5 9. Bxc5 Nxc5 10. dxc5 Qc7 11. Nf3 Nd7 12. Qd4 Qxc5 13. O-O-O Qxd4 14. Rxd4
Ke7 15. Rg4 Rg8 16. Bd3 Nc5 17. Nd4 Bd7 18. Re1 Nxd3+ 19. cxd3 Raf8 20. Rg3 f6
21. exf6+ Rxf6 22. Nf3 g5 23. Re2 Rgf8 24. Kd2 Be8 25. h4 gxh4 26. Rg7+ Kd6 27.
Nxh4 Rxf2 28. Rxb7 R2f7 29. Rxf7 Rxf7 30. Nf3 Rg7 31. Nd4 Bd7 32. Nf3 Be8 33.
Nd4 Bd7 34. Nf3 Rg3 35. d4 Be8 36. Ne5 Bg6 37. Rf2 Bf5 38. Nf7+ Ke7 39. Nxh6
Bg6 40. Ng8+ Kd6 41. Ke1 Rg4 42. Rd2 Rh4 43. Nf6 Ke7 44. Rf2 Rxd4 45. b3 Rh4
46. Ng8+ Kd6 47. Rf8 Rh1+ 48. Kf2 d4 49. b4 Ra1 50. Rd8+ Ke5 51. g4 Rxa2+ 52.
Kg3 d3 53. Ne7 Be4 54. b5 Rg2+ 55. Kh3 Rg1 56. Nc6+ Kf4 57. Rf8+ Ke3 58. Ne5
Bd5 59. Nxd3 Kxd3 60. Rf7 Kc4 61. Rxa7 Kxb5 62. Kh4 Bf3 63. Rg7 Rxg4+ {[#]
Übergang in elementar gewonnenes Bauernendspiel wegen Opposition. Baklan kennt
sich eben aus.} 64. Rxg4 Bxg4 65. Kxg4 Kc4 (65... Kc4 66. Kf3 (66. Kf4 Kd4 67.
Kf3 e5 68. Ke2 (68. Kf2 Kd3 $19) 68... Ke4 $19) 66... Kd4 67. Ke2 Ke4 68. Kd2
Kf3 $19) 0-1

[Event "Itau Mercosul Cup 3rd"]
[Site "Sao Paulo"]
[Date "1999.??.??"]
[Round "4"]
[White "Milos, Gilberto"]
[Black "De Souza, Mauro Guimaraes"]
[Result "1-0"]
[WhiteElo "2586"]
[BlackElo "2359"]
[Annotator "Hindemburg,Melao"]
[PlyCount "111"]
[EventDate "1999.10.??"]
[EventType "swiss"]
[EventRounds "9"]
[EventCountry "BRA"]
[SourceTitle "EXT 2000"]
[Source "ChessBase"]
[SourceDate "1999.11.16"]
[SourceVersion "1"]
[SourceVersionDate "1999.11.16"]
[SourceQuality "1"]

1. e4 e6 2. d4 d5 3. Nc3 Nf6 4. Bg5 Bb4 5. e5 h6 6. Bd2 Bxc3 7. bxc3 Ne4 8. Qg4
g6 9. Bd3 Nxd2 10. Kxd2 c5 11. Nf3 Qc7 12. h4 Nc6 13. Rhb1 (13. h5 g5 14. Nh2
$6 Qa5 $1 $17) 13... cxd4 14. cxd4 Bd7 15. Rb2 Rc8 16. Rab1 Na5 17. Ke2 b5 18.
Nd2 a6 19. Rh1 (19. Nb3 Nc4 20. Bxc4 Qxc4+ 21. Ke1 Qc3+ 22. Kf1 Rc4 $13) (19.
h5 $5) 19... Qd8 20. Rh3 Qe7 21. Rf3 h5 $11 22. Qg3 Rf8 23. Kd1 Bc6 24. Be2 Nc4
25. Rb1 (25. Nxc4 dxc4 $132) 25... b4 26. Rfb3 Nxd2 27. Kxd2 a5 28. R1b2 Ba4
29. Rf3 Qa7 {>< Pd4} 30. Qf4 Qc7 $15 31. Kc1 (31. g4 hxg4 32. Qxg4 Qc3+ 33.
Rxc3 (33. Kc1 Qe1+ 34. Bd1 Rc4 $17) 33... bxc3+ 34. Kc1 cxb2+ 35. Kxb2 Rxc2+
36. Ka3 Bd7 $15) 31... Rb8 32. Bd3 Qe7 33. a3 $5 Bb5 (33... b3 34. cxb3 Qxa3
35. Bc2 Qb4 (35... Bb5 36. Qd2 $11) 36. Qd2 Bd7 37. Qxb4 Rxb4 38. Rd3 $11) 34.
axb4 axb4 35. Bxb5+ Rxb5 36. Ra3 Qb7 (36... bxa3 37. Rxb5 Qa7 38. Kb1 Kd7 39.
Ka2 Qc7 40. Qd2 Qc4+ 41. Rb3 Rc8 42. Kxa3 Qxc2 43. Qxc2 Rxc2 44. Rb2 $11) 37.
Ra4 b3 $6 (37... Kd7 $11) 38. Qf3 $1 (38. cxb3 Rxb3 39. Rxb3 Qxb3 40. Ra8+ $11)
38... bxc2 39. Qa3 $1 $18 (39. Rxc2 Rb1+ 40. Kd2 Rb3 41. Qf4 $11) 39... Rxb2 $8
40. Ra8+ $1 Qb8 $8 41. Qa7 $1 (41. Qa4+ Kd8 42. Qa6 $5 $11 (42. Qa5+ $2 Kd7 $1
43. Ra7+ Ke8 44. Qa4+ Qb5 45. Ra8+ Kd7 46. Qxb5+ Rxb5 47. Rxf8 Ke7 48. Ra8 Rb4
$17)) 41... Rb1+ $8 42. Kxc2 Rb2+ $1 43. Kd3 Rb3+ 44. Ke2 Qxa8 45. Qxa8+ Ke7
46. Qa7+ Kd8 47. Qa4 $4 (47. Qa5+ Ke7 (47... Ke8 48. Qa4+) (47... Kd7 48. Qa4+)
(47... Kc8 48. Qc5+) 48. Qc7+ Ke8 49. Qc2 $1 Ra3 (49... Rb5 50. Qc6+) (49...
Rb4 50. Qc8+ Ke7 51. Qc5+) (49... Rb6 50. Qc8+ Ke7 51. Qc7+) (49... Rb7 50.
Qc8+) (49... Rb8 50. Qc6+ Ke7 51. Qd6+) 50. Qc8+ Ke7 51. Qc5+ $18) 47... Rb8
$14 48. Ke3 Rc8 49. Qa7 Ke8 (49... Rc4 $5) 50. Qb7 (50. Kf4 Rd8 51. Kg5 Rd7 52.
Qa8+ Ke7 53. Qa3+ Ke8 54. Kf6 Rg8 $1 55. Qa8+ Rd8 56. Qc6+ Rd7 57. f3 g5 $1 58.
Qa8+ $11 (58. hxg5 $4 Rg6#)) 50... Rd8 51. f3 f6 $2 {As Pretas conduziram
muito bem todas as fases da partida e mereciam o empate...} (51... Rd7 52. Qc8+
Ke7 53. Qc5+ Ke8 54. g4 Rh8 $11) 52. Qg7 $18 fxe5 53. Qxg6+ Kd7 54. Qg7+ Kc6
55. Qxe5 Rde8 56. Qxh5 1-0

[Event "Itau Mercosul Cup 3rd"]
[Site "Sao Paulo"]
[Date "1999.??.??"]
[Round "6"]
[White "Milos, Gilberto"]
[Black "Vescovi, Giovanni P"]
[Result "1-0"]
[WhiteElo "2586"]
[BlackElo "2522"]
[Annotator "Hindemburg,Melao"]
[PlyCount "125"]
[EventDate "1999.10.??"]
[EventType "swiss"]
[EventRounds "9"]
[EventCountry "BRA"]
[SourceTitle "EXT 2000"]
[Source "ChessBase"]
[SourceDate "1999.11.16"]
[SourceVersion "1"]
[SourceVersionDate "1999.11.16"]
[SourceQuality "1"]

1. e4 e6 2. d4 d5 3. Nc3 Nf6 4. Bg5 Bb4 5. e5 h6 6. Bd2 Bxc3 7. bxc3 Ne4 8. Qg4
g6 9. Bd3 Nxd2 10. Kxd2 Qe7 (10... c5 11. h4 Nc6 12. Rh3 Bd7 (12... Qa5 13.
Bxg6 $5) 13. Bxg6 $2 (13. Rf3 $5) 13... Rg8 14. Bxf7+ (14. h5 fxg6 15. hxg6
Qg5+ 16. Qxg5 hxg5 17. Rh6 cxd4 $19) 14... Kxf7 15. Qh5+ Ke7 16. Rf3 Qe8 17.
Qxh6 Qg6 18. Qe3 Na5 $19 {>< c4, Qe3, Kd2 Melão - Maia, São Paulo, 1999}) 11.
Nf3 b6 12. h4 {com a intenção de debilitar 'g4' e conseguir manobrar um Cavalo
para 'f6'} Ba6 (12... h5 $5 {deixaria as casas Pretas na ala do Rei muito
débeis. As Brancas poderiam prosseguir com} 13. Qf4 {e depois de Ng5, Rh3-f3
criaria um forte ataque na ala do Rei, com pressão nos pontos 'f7', 'g6'.}) 13.
Bxa6 Nxa6 14. h5 g5 15. Nh2 c5 16. Qe2 Nb8 17. Ng4 Nd7 18. Qd3 Rc8 19. Rhb1 {
>< b5, b6, <->a} Kf8 20. a4 Rc7 21. a5 Kg7 22. axb6 Nxb6 23. Ra6 Rc6 24. Kd1
Rc7 25. Rba1 Nc4 26. Qf3 cxd4 27. Qf6+ $1 Kg8 (27... Qxf6 28. exf6+ Kh7 29.
cxd4 (29. Rxa7 $5)) 28. Qxe7 (28. Rc6 Qd7 29. Rxc7 (29. Rca6 Qe7 $11) 29...
Qxc7 30. Nxh6+ Rxh6 31. Qxh6 Qxe5 32. Rxa7 Nb2+ 33. Kc1 Qe1+ 34. Kxb2 Qxc3+ $11
) (28. Nxh6+ Kh7 29. Ng4 Qxf6 30. Nxf6+ Kh6 31. cxd4 Nb2+ 32. Kd2 Rhc8 33. Rc1
Nc4+ 34. Ke2 $16) 28... Rxe7 29. cxd4 Kg7 30. Rxa7 Rxa7 31. Rxa7 Rc8 32. Nf6
Nd6 33. exd6 $5 Kxf6 34. Kd2 Rd8 35. Ra6 Rc8 (35... e5 $5 36. d7+ Kf5 37. dxe5
Kxe5 38. Rxh6 Rxd7 39. Rh8 f5) 36. g4 Kg7 37. c3 Kf8 38. Rb6 Ke8 39. Kc2 Kf8
40. Kb2 Ke8 41. Kb3 Ra8 42. Kb4 Rc8 (42... Kd7 43. Rb7+ Kxd6 44. Rxf7) 43. Rb7
$18 Rc4+ 44. Kb3 Rc6 45. Rb8+ ({a maneira mais rápida de vencer era} 45. f4 $1
gxf4 (45... f6 46. Re7+ Kf8 47. Rxe6 Rb6+ 48. Kc2 Kf7 49. d7 Rb8 50. Re8 $1
Rxe8 51. dxe8=Q+ Kxe8 52. fxg5 fxg5 53. c4 dxc4 54. Kc3 $18) 46. g5 Rxd6 (46...
Kf8 47. gxh6 Kg8 48. d7 $18) 47. gxh6 e5 $8 48. h7 Rh6 49. h8=Q+ Rxh8 50. Rb8+
Ke7 51. Rxh8 f3 52. Ra8 e4 53. Ra1 e3 (53... Kf6 54. h6 Kg6 55. Rh1 Kh7 56. Kc2
$18) 54. h6 $1 f2 (54... Kf6 55. Rh1 f2 56. h7 $18) 55. h7 e2 56. h8=Q e1=Q 57.
Ra7+ Kd6 (57... Ke6 58. Qe8+ Kf5 59. Rxf7+ Kg4 60. Qg8+ Kh3 61. Rh7#) 58. Qf8+
Ke6 (58... Kc6 59. Qc5#) 59. Qxf7+ Kd6 60. Qd7#) 45... Kd7 46. Rh8 Kxd6 47.
Rxh6 Rc8 48. Rf6 Ke7 49. Rf3 Kf8 50. Kb4 Kg7 51. Re3 Kf6 52. Kb5 Ke7 53. Kb6
Rh8 54. Rh3 Rh6 55. Kc7 Kf8 56. Kd7 Rf6 57. h6 Kg8 58. h7+ Kh8 59. f3 Rf4 60.
Ke7 f5 61. Kxe6 fxg4 62. fxg4 Rxg4 63. Kxd5 1-0

[Event "Paleochora op 13th"]
[Site "Paleochora"]
[Date "2020.07.25"]
[Round "9"]
[White "Christiansen, Johan Sebastian"]
[Black "David, Alberto"]
[Result "1-0"]
[WhiteElo "2612"]
[BlackElo "2526"]
[Annotator "Kapnisis,Spyridon"]
[PlyCount "117"]
[EventDate "2020.07.18"]
[EventType "swiss"]
[EventRounds "9"]
[EventCountry "GRE"]
[SourceTitle "CBM 197 Extra"]
[Source "ChessBase"]
[SourceDate "2020.09.30"]
[SourceVersion "1"]
[SourceVersionDate "2020.09.30"]
[SourceQuality "1"]

{[%evp 0,117,24,24,73,37,37,50,82,50,102,34,13,53,53,53,53,-37,-6,-6,32,-28,47,
47,59,-15,74,28,28,34,107,43,49,43,25,25,25,25,41,34,44,34,34,-46,-46,-46,-46,
-26,-36,5,5,-2,0,0,0,-6,-6,-34,-34,-84,9,-54,-54,-54,-54,-46,-53,-30,-45,-78,
19,35,38,10,38,10,38,4,60,59,59,87,87,87,103,94,112,66,66,53,53,53,53,55,168,
92,51,76,82,82,120,120,150,150,301,290,309,309,309,309,329,356,390,400,400,419,
419,429,451,389]} 1. e4 e6 2. d4 d5 3. Nc3 Nf6 4. Bg5 Bb4 5. e5 h6 6. Bd2 Bxc3
7. bxc3 Ne4 {[#]} 8. Bc1 $5 {An interesting pawn sacrifice that has been tried
in the past by the Norwegian GM.} (8. Qg4 {is by far the main line.}) 8... Nxc3
(8... c5 9. Ne2 {Probably the best.} (9. Qg4 g6 10. Bd3 (10. dxc5 $2 Qa5 11.
Ne2 Nc6 $15 {0-1 (57) Kourkoulos Arditis,S (2473)-Polivanov,A (2452) chess.com
INT 2020}) 10... cxd4 $6 (10... Nxc3 $13) 11. Nf3 (11. Ne2 $5) 11... dxc3 12.
O-O Nc6 13. Bxe4 dxe4 14. Qxe4 $40 {[%cal Yc1a3] 1-0 (37) Van Foreest,J (2618)
-Sindarov,J (2505) Moscow RUS 2019}) (9. Bd3 Nxc3 10. Qg4 g6 (10... Kf8 11.
dxc5 Qa5 12. Bd2 Qa4 $13) 11. dxc5 Qa5 12. Bd2 Qa4 (12... Qxc5 13. Ne2 $44) 13.
h3 Ne4 $13) 9... f6 (9... cxd4 $2 10. cxd4 Nc6 11. c3 $16 {1-0 (31) Warmerdam,
M (2506)-McNeill,G (2114) chess.com INT 2020}) (9... Qa5 $6 10. f3 $1 Nxc3 $2 (
10... Ng5 11. h4 Nh7 12. Kf2 $5 $14) 11. Qd2 cxd4 12. Nxd4 Qc7 13. Bb2 Qxe5+ (
13... Na4 14. Nb5 Qd8 15. Ba3 $18 {1-0 (35) Zarubitski,V (2344)-Favaloro,A 
(2260) Tarvisio ITA 2017}) 14. Kf2 Na4 15. Bb5+ Bd7 16. Bxa4 Bxa4 17. Qb4 $18 {
1-0 (19) Beerdsen,T (2482)-Groffen,H (2067) Netherlands NED 2019}) 10. Ng3 (10.
f3 Ng5 11. Nf4 O-O 12. Ng6 Rf7 13. h4 (13. Be2) 13... Nh7 14. exf6 $14) 10...
O-O 11. Nxe4 dxe4 12. exf6 Qxf6 $13 {1/2 (19) Perez Ponsa,F (2560)-Santiago,Y 
(2473) Sao Paulo BRA 2019}) 9. Qg4 g6 (9... Kf8 10. Qg3 $1 Ne4 11. Qa3+ Kg8 12.
Ne2 Ng5 (12... b6 13. h4 Ba6 14. Rh3 $16 {[%csl Re4][%cal Yf2f3]}) 13. h4 Nh7
14. Nf4 $40 {[%cal Yf4h5,Ya3g3]} (14. g4 {1/2 (41) Christiansen,J (2554)
-Volkov,S (2547) Hell NOR 2019})) 10. Bd3 Qe7 $1 11. Bd2 Na4 12. h4 (12. Nf3
Bd7 (12... c5 13. dxc5 Nxc5 14. O-O Nc6 15. Rfe1 $44) (12... Nc6 13. Bb5 Nb6
14. Bxc6+ (14. O-O $13) 14... bxc6 15. O-O c5 16. Qh3 $44 {[%cal Yd2g5]}) (
12... Nb2 $5) 13. Rb1 Bc6 14. Bb4 Qd7 15. Qf4 $44 {White's long term
compensation is indisputable.}) 12... Bd7 13. h5 (13. Rb1 $5 Nc6 14. Rxb7 Nb6
15. Rxc7 Rb8 $1 16. Ne2 Kd8 17. Rxd7+ Qxd7 18. O-O $44) 13... g5 14. Rb1 Nc6 {
[#]} (14... c5 15. c3 $44 {[%cal Yf2f4,Yg1e2]} (15. Rxb7 c4 16. Bb4 Qd8 {[#]}
17. Bg6 $1 (17. Be2 $2 Qc8 $19) 17... Qc8 (17... fxg6 $2 18. hxg6 $18 {Black
is getting mated after g7 and Qh5.}) 18. Qf3 $1 Qxb7 19. Qxf7+ Kd8 20. Qf6+ Kc7
21. Ba5+ Nb6 22. Qxh8 Nc6 23. Qxh6 Nxa5 24. Ne2 $13)) 15. Ne2 $6 (15. Rxb7 $1 {
White should have accepted the challenge and sacrifice the exchange while
gaining a couple of pawns. After Rxb7 the black king will never find a safe
shelter and that's why the exchange sacrifice is fully justified.} Nb6 (15...
Qa3) 16. Rxc7 Kd8 17. Rxc6 Bxc6 18. f4 $44) 15... O-O-O 16. f4 gxf4 17. Qxf4
Rdg8 {Black should be satisfied by the oucome of the opening.} 18. O-O Be8 19.
Qf6 Qf8 (19... Qxf6 20. Rxf6 Nb6 21. Rbf1 $13) 20. Bb5 Nb6 21. Bxc6 $6 {[#]} (
21. Rf2 Qg7 {Black's extra pawn secures him the better chances.}) 21... Bxc6 $1
{Black correctly sacrifices the f7 pawn but frees his light-squared bishop
while keeping his pawn structure intact.} (21... bxc6 $2 22. Qf3 $14 {[%csl
Rc8,Re8]}) 22. Qxf7 Qxf7 23. Rxf7 Nc4 $17 24. Bc1 Ba4 $6 (24... Be8 25. Rf6
Bxh5 26. Nf4 Bg4 $17) 25. Rb3 $1 {[#]} Be8 $1 (25... Bxb3 $6 {Accepting the
exchange sacrifice would be a mistake since White drastically improves his
pawn structure and the black knight needs to leave the wonderful c4 square.}
26. axb3 Na5 27. Nf4 Rf8 $1 28. Rg7 (28. Rxf8+ $5 Rxf8 29. Nxe6 Rh8 30. Nf4 $13
) 28... Rfg8 $11) 26. Rf6 (26. Re7 $5 Bxh5 27. Nf4 Bg4 28. Nxe6 Bxe6 29. Rxe6
Rg4 $15) 26... Bxh5 27. Nf4 Bg4 28. Rg3 $2 (28. Nxe6 $5) 28... h5 29. Nxe6 h4
30. Rd3 Bxe6 31. Rxe6 Rg4 32. Rf6 h3 33. g3 Re4 $1 34. Rdf3 $1 {[#]
Sacrificing the pawn on d4 is necessary in order to defend against black's
threats.} Re2 $2 {Black loses valuable time and permits White to balance the
game. Eliminating the pawns on d4 and e5 should have been preferred.} (34... c5
$1 35. c3 (35. e6 cxd4 $17) (35. dxc5 $2 h2+ $1 36. Kh1 Nxe5 37. Rf1 Ng4 38.
R6f4 Rhe8 $19 {White has no counterplay while the pawn on h2 is a constant
reason of worry for White.}) 35... b5 $5 (35... cxd4 36. cxd4 Rxd4 37. e6 Re4
38. Kh2 d4 {is probably holdable for White but it is not going to be very easy.
}) 36. R3f4 (36. e6 b4 $1 $19) 36... Re2 37. a3 cxd4 38. cxd4 Rg8 39. Kh1 a6 $1
$17) (34... Rxd4 35. e6 h2+ 36. Kh1 Rd1+ 37. Rf1 Rxf1+ 38. Rxf1 c5 39. Rf2 Kc7
$15) 35. Rf2 Re1+ 36. Rf1 Re2 37. R6f2 $1 Re4 (37... Rxf2 $2 {Exchanging rooks
is a clear mistake since the white king becomes safe and White will try to
take advantage of his two passed pawns.} 38. Rxf2 $16) 38. Kh2 b6 $2 {[#]} (
38... Rxd4 $2 39. e6 $18) (38... c5 $5 39. Rf8+ Rxf8 40. Rxf8+ Kd7 41. dxc5
Nxe5 42. Kxh3 Rc4 $11) 39. c3 $2 (39. Rf8+ $1 {Exchanging a pair of rooks
would make White's work a lot easier.} Rxf8 40. Rxf8+ Kd7 (40... Kb7 41. c3 b5
(41... c5 42. Rf4 Re1 43. Rf7+ Kc6 44. Bf4 $18) 42. Bf4 b4 43. cxb4 Rxd4 44. e6
$16) 41. Rf7+ Ke8 42. Rxc7 Rxd4 43. Bg5 $16) 39... Kb7 40. Rf7 a5 41. R1f2 b5
42. Bf4 b4 43. cxb4 axb4 44. e6 Rxe6 45. Rxc7+ Kb6 46. Rc5 {[#]} Rg8 (46... Ne3
$5 47. Bxe3 Rxe3 48. Rxd5 Rg8 {The position has been simplified to an equal
four rooks endgame.}) 47. Kxh3 Ne3 48. Bc7+ Ka6 $6 (48... Kb7 49. Rf4 $1 Ra6
$11 (49... Rf6 $5 50. Be5 Rh8+ 51. Rh4 Rf1 52. Kh2 Rf2+ $11)) 49. Rf4 $1 Reg6
$6 (49... Rf8 $1 50. g4 (50. Rxf8 $4 Rh6#) 50... Rh6+ 51. Kg3 Rg8 {[%cal Yh6g6]
It is difficult for white to make progress}) 50. Rh4 R8g7 $6 (50... Nf5 51. Rh7
Nxd4 52. Ra5+ Kb7 53. Be5+ Kb6 54. Rxd5 Nf3 {Black should be able to make a
draw here as well.}) 51. Rh8 {[#]} Rxc7 $4 {An exchange sacrifice which shows
signs of panic. There was no reason for Black to take such drastic measures.} (
51... Rg8 $14) 52. Rxc7 Nf5 53. g4 $18 Nxd4 54. Rd7 Ne6 55. Kg3 Nc5 56. Rxd5
Ne4+ 57. Kf3 Nc3 58. Rf5 Kb7 59. g5 1-0

[Event "Dortmunder Schachtage-B 18th"]
[Site "Dortmund"]
[Date "1990.04.08"]
[Round "4"]
[White "Polgar, Judit"]
[Black "Knaak, Rainer"]
[Result "1/2-1/2"]
[WhiteElo "2550"]
[BlackElo "2500"]
[Annotator "Knaak,R"]
[PlyCount "120"]
[EventDate "1990.04.05"]
[EventType "tourn"]
[EventRounds "11"]
[EventCountry "GER"]
[EventCategory "9"]
[SourceTitle "CBM 018"]
[Source "ChessBase"]
[SourceDate "1990.10.01"]
[SourceVersion "1"]
[SourceVersionDate "1990.10.01"]
[SourceQuality "1"]

1. e4 e6 2. d4 d5 3. Nc3 Nf6 4. Bg5 Bb4 5. e5 h6 6. Bd2 Bxc3 7. bxc3 Ne4 8. Qg4
g6 9. Bd3 Nxd2 10. Kxd2 c5 11. Nf3 Nc6 12. Rhb1 Qc7 13. Qf4 $6 {Simply
overlooking the advance of the f-pawn?} cxd4 14. cxd4 f5 $10 15. h4 Bd7 16. a4
(16. g4 $5) 16... O-O-O $15 17. Ke2 Kb8 18. Ra3 Rdg8 $1 19. Rh1 Qd8 $17 20. Qd2
g5 21. Qc3 gxh4 22. a5 Rxg2 $2 (22... Ka8) 23. Rb1 Ka8 24. Rab3 $1 Nxa5 $6 25.
Ra3 Nc4 26. Bxc4 dxc4 27. d5 $5 Rg4 $6 28. Qb4 $1 Bc8 29. d6 $5 (29. Qc5 $1 a6
30. d6) 29... b6 30. Nd2 Kb8 31. Nxc4 Rh7 32. Qc3 $2 (32. Qa4 $1 {/\ Nb6} Rb7
33. Rxb6 $1 Qxb6 34. Nxb6 Rxa4 35. Nxa4 $18) 32... Rb7 33. Rab3 Rgg7 34. Qf3
Qg5 $17 35. Ne3 f4 36. Nc4 Qf5 37. Rc3 h3 38. Qxh3 Qe4+ 39. Kd2 Qd4+ 40. Kc1 b5
$4 (40... Bd7) (40... Rg3 $1) 41. Na5 Bd7 $8 42. Nxb7 b4 43. Rxb4 Qxb4 44. Nc5
Rg1+ 45. Kd2 Qd4+ 46. Nd3 Rd1+ 47. Kxd1 Qxc3 48. Qxh6 Ba4 49. Qh8+ Kb7 50. Qh7+
Ka6 51. Ne1 Qa1+ 52. Kd2 Qxe5 53. d7 Qa5+ $8 (53... Qd5+ $2 54. Qd3+ Qxd3+ 55.
Nxd3 $18) 54. c3 Qd8 55. Nd3 Kb6 56. Ne5 Kc7 57. Qe4 Bxd7 58. Qxf4 Bb5+ 59. Kc1
Qd6 60. c4 Ba4 1/2-1/2